000 01764cam a22003494a 4500
001 16202815
005 20170105102908.0
008 100426s2011 couab b 001 0 eng
010 _a 2010016331
020 _a9781594516979 (hardcover : alk. paper)
040 _aDLC
_cDLC
_dDLC
043 _aaw-----
050 0 0 _aDS63.5
_b.S26 2011
082 0 0 _a320.540956
_222
100 1 _aSamman, Khaldoun.
245 1 4 _aThe clash of modernities :
_bthe Islamist challenge to Arab, Jewish, and Turkish nationalism /
_cKhaldoun Samman.
260 _aBoulder :
_bParadigm Publishers,
_cc2011.
300 _ax, 261 p. :
_bill., map ;
_c24 cm.
504 _aIncludes bibliographical references (p. 221-252) and index.
505 0 _aIntroduction : a personal example of a temporal script -- The colonizer's time machine and the discourse of "becoming modern" -- The anti-Semitic gaze and the occidentalization of the Jew in Zionist and Israeli nationalism -- The Kemalist acquiescence to the colonizer's time machine -- Arab time-travelers and cultural schizophrenia -- The Islamist time machine -- Women as the sign of the times -- Conclusion : thinking outside the time-space box of colonial modernity.
650 0 _aNationalism
_zMiddle East
_xPhilosophy.
650 0 _aCivilization, Modern
_xPhilosophy.
650 0 _aNationalism
_zIslamic countries.
650 0 _aNationalism
_zIsrael.
650 0 _aNationalism
_zTurkey.
650 0 _aNationalism
_zArab countries.
651 0 _aMiddle East
_xCivilization
_xPhilosophy.
651 0 _aMiddle East
_xCivilization
_xWestern influences.
906 _a7
_bcbc
_corignew
_d1
_eecip
_f20
_gy-gencatlg
942 _2ddc
_cBK
999 _c14990
_d14990